Dzielnice Gdyni - quiz na mapie - Statystyki

Ogólne statystyki
  • Ten quiz został rozwiązany 45 razy
  • Średni wynik to 13 z 21
Odpowiedzi na mapie
Odpowiedzi zakodowano w zielono-czerwonej skali na mapie do tego quizu, zgodnie z poniższymi procentami.
 
Statystyki odpowiedzi
Odpowiedź % Poprawnych
Śródmieście
85%
Babie Doły
81%
Kamienna Góra
81%
Orłowo
81%
Oksywie
77%
Chwarzno-Wiczlino
69%
Wielki Kack
69%
Chylonia
65%
Cisowa
65%
Pogórze
65%
Wzgórze św. Maksymiliana
65%
Redłowo
62%
Witomino
62%
Obłuże
58%
Grabówek
54%
Leszczynki
54%
Mały Kack
54%
Pustki Cisowskie-Demptowo
54%
Działki Leśne
50%
Dąbrowa
42%
Karwiny
38%
Nie znaleziono quizów pasujących do podanych kryteriów
Rozkład punktacji
Procent ludzi z każdym wynikiem
Percentyl według liczby udzielonych odpowiedzi
Twoja historia wyników
Nie rozwiązałeś tego quizu